Lock up your data (Record no. 65075)

MARC details
000 -LEADER
fixed length control field 01011cam a2200205 4500
001 - CONTROL NUMBER
control field ABS63027
008 - FIXED-LENGTH DATA ELEMENTS--GENERAL INFORMATION
fixed length control field 000000n2000 000 0 eng u
035 ## - SYSTEM CONTROL NUMBER
System control number (Sirsi) u108969
100 ## - MAIN ENTRY--PERSONAL NAME
Personal name Ward, V.
245 ## - TITLE STATEMENT
Title Lock up your data
260 ## - PUBLICATION, DISTRIBUTION, ETC.
Date of publication, distribution, etc. 2000
490 ## - SERIES STATEMENT
Series statement Estates Gazette
Volume/sequential designation (0041) 14 October 2000, 204-205(2)
520 ## - SUMMARY, ETC.
Summary, etc. A Mainly for students article that considers the importance for property professionals of new data protection legislation. The Data Protection Act 1998 came into force on 1 March 2000. This protects individuals with regard to the processing of personal data on a computer, and the movement of such data. Lists key points which a data controller must comply with, and looks at the rights of data subjects, enforcement of the DPA, and the practicalities of compliance.
590 ## - LOCAL NOTE (RLIN)
Local note ABS
650 ## - SUBJECT ADDED ENTRY--TOPICAL TERM
Topical term or geographic name entry element DATA PROTECTION
650 ## - SUBJECT ADDED ENTRY--TOPICAL TERM
Topical term or geographic name entry element DATA PROTECTION ACT 1998
650 ## - SUBJECT ADDED ENTRY--TOPICAL TERM
Topical term or geographic name entry element MAINLY FOR STUDENTS
690 ## - LOCAL SUBJECT ADDED ENTRY--TOPICAL TERM (OCLC, RLIN)
Topical term or geographic name as entry element MANAGEMENT-BUSINESS MANAGEMENT-INFORMATION MANAGEMENT
942 ## - ADDED ENTRY ELEMENTS (KOHA)
Suppress in OPAC 0
Holdings
Withdrawn status Lost status Source of classification or shelving scheme Damaged status Not for loan Home library Current library Shelving location Date acquired Total Checkouts Full call number Barcode Date last seen Copy number Price effective from Koha item type
    Dewey Decimal Classification     London London Journal article 25/10/2000   ABS63027 108969-1001 06/08/2019 1 06/08/2019 Journal article